Normal view
MARC view
- Decius, J. C
Entry Personal Name
001 - CONTROL NUMBER
- control field: 103851
003 - CONTROL NUMBER IDENTIFIER
- control field: NUST
005 - DATE AND TIME OF LATEST TRANSACTION
- control field: 20221201090552.0
008 - FIXED-LENGTH DATA ELEMENTS
- fixed length control field: 221201|| aca||aabn | a|a d
040 ## - CATALOGING SOURCE
- Original cataloging agency: NUST
- Transcribing agency: NUST
100 ## - HEADING--PERSONAL NAME
- Personal name: Decius, J. C
670 ## - SOURCE DATA FOUND
- Source citation: Work cat.: (NUST)183965: Decius, J. C., Molecular vibrations in crystals / , c1977.
